000
00304nam a22001457a 4500
008
210430b ||||| |||| 00| 0 eng d
020
_a
9780226194844
041
_a
eng
080
_a
32
082
_a
32
100
_a
18
101
_a
SHP
245
_a
Property Rules
_c
Einhorn,R.L
942
_2
udc
_c
BK
999
_c
57066
_d
57066